| 000 | 00655nam a22001937a 4500 | ||
|---|---|---|---|
| 005 | 20141013105737.0 | ||
| 010 | _aENG-110946 | ||
| 020 |
_a9780198099185 _c995.00 |
||
| 035 | _aEN-94478 | ||
| 037 | _bDBAD/PUB | ||
| 082 | _a307.76095414709033 | ||
| 100 | _aRobb, Peter | ||
| 245 |
_aUseful friendship : _cby Peter Robb _bEuropean and Indians in early Calcutta / |
||
| 260 |
_aNew Delhi _bOxford University Press _c2014 |
||
| 270 |
_aYMCA Library Building, 1 Jai Singh Road _bNew Delhi _e110020 |
||
| 300 |
_axii,293p. _c24cm(Hb) |
||
| 500 | _aIncludes bibliographical references and index | ||
| 942 |
_2ddc _cEN _mROB _h307.76095414709033 |
||
| 999 |
_c88972 _d88972 |
||